| 000 | 00741nam a2200253 a 4500 | ||
|---|---|---|---|
| 999 |
_c12481 _d12481 |
||
| 001 | 12481 | ||
| 003 | BD-JhCC | ||
| 005 | 20221107134024.0 | ||
| 008 | 220302b2008 bg a|||| ||a| 001 0 eng d | ||
| 020 | _a9789848471302 | ||
| 035 | _a(BD-JhCC)12481 | ||
| 040 |
_aBD-JhCC _dBD-JhCC |
||
| 041 | _aEnglish | ||
| 082 |
_a001.42 _bZAN 2008 |
||
| 100 | _aZannat,Rowshan | ||
| 245 |
_aResearch Methodology: _bA Comparative Study / _cRowshan Zannat, M Abdul Aziz . |
||
| 260 |
_aDhaka : _bBangladesh Institute Of Islamic Thought; _c2008. |
||
| 300 |
_a290 p. : _bill; _c24 cm. |
||
| 490 | _aText Books Serics on Academic Research. | ||
| 650 | _aResearch------Methodology. | ||
| 700 | _aAziz,M Abdul | ||
| 942 |
_2ddc _cBK _01 |
||